| 000 | 00527nam a22001937a 4500 | ||
|---|---|---|---|
| 003 | BUBTL | ||
| 008 | 191224b xxu||||| |||| 00| 0 eng d | ||
| 082 | _a658.8/ L3491/ 1981 | ||
| 100 |
_aLatif,T.A.A. _92752 |
||
| 245 |
_aThe Practice of Marketing: _bT.A.A.Latif |
||
| 250 | _a2nd ed. | ||
| 260 |
_aNew Delhi _bS. Chand & Company LTD. _cc1981 |
||
| 300 |
_a310p.: _b21cm. |
||
| 650 |
_aMarketing _92753 |
||
| 700 |
_aT.A.A.Latif _92754 |
||
| 856 |
_k0 _l0 _yDownload |
||
| 942 |
_2ddc _cBK |
||
| 999 |
_c6200 _d6200 |
||